000 00445 a2200157 4500
001 76057
020 _a9788562936067
040 _cAnchieta - Colégio São Paulo
100 _aNARLOCH, Leandro
240 1 0 _aGuia politicamente incorreto da História do Brasil
_lpor
245 1 0 _aGuia politicamente incorreto da História do Brasil
300 _a320
362 0 _a2009
650 4 _aEducação, Pesquisa e tópicos relacionados
942 _cBK
999 _c76057
_d76057